| 000 | 01099nam a2200265Ia 4500 | ||
|---|---|---|---|
| 003 | GCL | ||
| 008 | 140319s9999 xx 000 0 ara d | ||
| 020 | _a7128609977 | ||
| 040 |
_aGCL / _cGCL |
||
| 082 | 0 | 4 |
_a962.42 _bت ت |
| 100 | 1 | _aتشرشل، ونستون | |
| 245 | 1 | 0 |
_aتاريخ الثورة المهدية والاحتلال البريطانى للسودان / _cتشرشل، ونستون |
| 700 | 1 | _aيوسف حسن | |
| 700 | 1 | _aعزالدين محمود | |
| 250 | _aالاولى | ||
| 260 |
_aالقاهرة : _bدار الشروق ، _c2006 |
||
| 300 |
_a371 ص ؛ _c24 سم |
||
| 650 | 0 | 4 | _aالسودان |
| 650 | 0 | 4 | _aالاستعمار فى البلاد العربية |
| 650 | 0 | 4 | _aالاستعمار البريطانى |
| 650 | 0 | 4 | _aالسودان - تاريخ - العصر الحديث - الاستقلال 1956 م |
| 650 | 0 | 4 | _aالسودان - تاريخ - العصر الحديث - الثورة المهدية ( 1882 - 1899 ) |
| 650 | 0 | 4 | _aالسودان - تاريخ - العصر الحديث - الحكم المصرى البريطانى |
| 942 |
_2ddc _cBK |
||
| 999 |
_c9578 _d9578 |
||